Моментные двигатели с постоянными магнитами

Bibliographische Detailangaben
1. Verfasser: Столов Л. И. Лев Израилевич
Weitere Verfasser: Зыков Б. Н. Борис Николаевич
Sprache:Russisch
Veröffentlicht: Москва, Энергия, 1977
Schlagworte:
Format: MixedMaterials Buch
KOHA link:https://koha.lib.tpu.ru/cgi-bin/koha/opac-detail.pl?biblionumber=52323

MARC

LEADER 00000nam0a2200000 4500
001 52323
005 20231031041457.0
035 |a (RuTPU)RU\TPU\book\54830 
090 |a 52323 
100 |a 20030528d1977 km y0rusy50 ca 
101 0 |a rus 
102 |a RU 
105 |a a z 001zy 
200 1 |a Моментные двигатели с постоянными магнитами  |f Л. И. Столов, Б. Н. Зыков 
210 |a Москва  |c Энергия  |d 1977 
215 |a 112 с.  |c ил. 
320 |a Библиогр.: с. 109-111 
610 1 |a электрические машины 
610 1 |a микроэлектродвигатели 
610 1 |a двигатели 
610 1 |a обмотки 
610 1 |a переходные процессы 
675 |a 621.313.13  |v 3 
700 1 |a Столов  |b Л. И.  |g Лев Израилевич 
701 1 |a Зыков  |b Б. Н.  |g Борис Николаевич 
801 1 |a RU  |b 63413507  |c 20030528  |g PSBO 
801 2 |a RU  |b 63413507  |c 20080417  |g PSBO 
942 |c BK